书目信息 |
| 题名: |
汽车空调
|
|
| 作者: | 王宜义 | |
| 分册: | ||
| 出版信息: | 西安 西安交通大学出版社 1995.07 |
|
| 页数: | 245页 | |
| 开本: | 19cm | |
| 丛书名: | ||
| 单 册: | ||
| 中图分类: | U269.5 | |
| 科图分类: | ||
| 主题词: | 机车工程 | |
| 电子资源: | ||
| ISBN: | 978-7-111-69884-5 | |
| 000 | 00513nam0 2200193 45 | |
| 001 | 0308271040 | |
| 005 | 20030827104341.9 | |
| 010 | @a978-7-111-69884-5@dRMB14.80 | |
| 100 | @a20030827d1995 km y0chiy0120 ea | |
| 101 | @achi | |
| 105 | @a z 000yy | |
| 200 | 1 | @a汽车空调@Aqi che kong diao@f王宜义@Fwang yi yi |
| 210 | @a西安@c西安交通大学出版社@d1995.07 | |
| 215 | @a245页@c无图表@d19cm | |
| 606 | 0 | @a机车工程 |
| 690 | @aU269.5@v3 | |
| 701 | 0 | @a王宜义 |
| 801 | @aCN@b@c20030827 | |
| 905 | @aBZT@dU269.5@e17 | |
| 汽车空调/王宜义.-西安:西安交通大学出版社,1995.07 |
| 245页:无图表;19cm |
| ISBN 978-7-111-69884-5:RMB14.80 |
| ● |
| 相关链接 |
|
|
|
正题名:汽车空调
索取号:U269.5/17
 
预约/预借
| 序号 | 登录号 | 条形码 | 馆藏地/架位号 | 状态 | 备注 |
| 1 | 29785 | 200472899 | 中心书库北库/ 北库040架A面4列5层13/ [索取号:U269.5/17] | 在馆 |